|
|
|
|
| LEADER |
00000nab a2200000 a 4500 |
| 001 |
vtls009277250 |
| 003 |
SK-MaSNL |
| 005 |
20260303052434.0 |
| 008 |
080318 2007 xo 000 0 slo |
| 038 |
|
|
|a LVTK
|
| 040 |
|
|
|a LVTK
|b slo
|e AACR2
|c LVTK
|
| 041 |
|
|
|a slo
|
| 044 |
|
|
|a xo
|c SK
|
| 080 |
|
|
|a 904
|2 2001
|
| 080 |
|
|
|a 730
|2 2001
|
| 245 |
0 |
0 |
|a Busta Ľudovíta Štúra v Leviciach
|c [autor] -sak-
|
| 300 |
|
|
|b Fotogr.
|
| 650 |
0 |
7 |
|a kultúrne pamiatky
|2 SNKPH
|9 2862
|
| 650 |
0 |
7 |
|a busty
|2 lvtk
|9 29694
|
| 650 |
0 |
7 |
|a busta Ľudovíta Štúra
|2 lvtk
|9 1040707
|
| 650 |
0 |
7 |
|a slávnostné odhalenie
|2 lvtk
|9 1043524
|
| 651 |
|
7 |
|a Levice (Slovensko)
|2 SNKPH
|9 55713
|
| 773 |
0 |
|
|t Slovenská brána
|g Roč. 17 (57) , č. 21 (2007), s. 3
|
| 852 |
|
|
|a LVTK
|b KIS3G
|
| 999 |
|
|
|c 1715324
|d 1717254
|